| 000 | 00896cam a2200313 4500 | ||
|---|---|---|---|
| 008 | 090401t1991 xxu||||| |||| 00| 0 eng d | ||
| 020 | _a041915180X | ||
| 035 | _a(Sirsi) u42124 | ||
| 041 | _aeng | ||
| 050 | _a690.24 | ||
| 100 | _aHighfield, David | ||
| 245 | 4 | _aThe construction of new buildings behind historic facades | |
| 260 |
_aLondon _bE. & F. N. Spon _c1991 |
||
| 300 | _ax,151p. ; 22cm. | ||
| 350 | _a0 | ||
| 520 | _aA guide to the conservation, planning, design and technical implications of facade retention with eight detailed case studies. | ||
| 650 | _aARCHITECTURAL CONSERVATION | ||
| 650 | _aBIRMINGHAM | ||
| 650 | _aCONSERVATION | ||
| 650 | _aEDINBURGH | ||
| 650 | _aFACADE RETENTION | ||
| 650 | _aGLASGOW | ||
| 650 | _aHARROGATE | ||
| 650 | _aLEEDS | ||
| 650 | _aREDEVELOPMENT | ||
| 690 |
_aRefurbishment _96264 |
||
| 942 | _n0 | ||
| 948 | _c04/03/1997 | ||
| 999 |
_c91025 _d91025 |
||